000 00475nam a2200193Ia 4500
005 20250923144643.0
008 008 250917s9999 xx 000 0 eng d
037 _aTextual
040 _aDSWL
_beng
_cDSWL
041 _aeng
_2eng
084 _qDSWL
245 0 _aPatrick Geddes in India
_cEd. by Jaquline Tyrwhitt
260 _aLondon
_bFund Humphries
_c1947
300 _a103p.
365 _aINR
_b8
925 _g8
942 _cTEXL
999 _c1441667
_d1441667